3-Letter Chain Link #2 - Statistics

General Stats
  • This quiz has been taken 21 times
    14 since last reset
  • The average score is 10 of 30
Answer Stats
Hint Answer % Correct
Island of Sappho Lesbos
80%
Brazilian musical genre Bossa Nova
70%
Shelley's fictional doctor Frankenstein
70%
God of strength and heroes Hercules
70%
Greek shipping magnate Onassis
60%
Sustained, enthusiastic applause Ovation
60%
He rolls a boulder uphill for eternity Sisyphus
60%
Romanian tennis star Nastase Ilie
50%
Shell of charged particles around Earth Ionosphere
50%
Lover of Othello Desdemona
40%
Mozart's nocturnal serenade Eine Kleine Nachtmusik
40%
Junior commissioned officer Lieutenant
40%
Monotheistic Punjabi religion Sikhism
40%
Diametrically opposite points on globe Antipodes
30%
Secessionist Nigerian state Biafra
30%
One of the order Lepidoptera Butterfly
30%
Largest family of birds Flycatcher
30%
Film classic about a pool shark Hustler
30%
Worship of a physical object Idolatry
30%
Site for British codebreakers Bletchley
20%
Loewe's lyricist and librettist Lerner
20%
Male sex hormone Androgen
10%
Samurai code of honour Bushido
10%
One of Franklin's ships lost in Arctic Erebus
10%
Bend down in deference Genuflect
10%
Follower of the Agha Khan Ismaili
10%
U.K. builder of Triumphs and Rovers Leyland
10%
Behaved liked a geek Nerded
10%
Fear of clustered holes or bumps Trypophobia
10%
Pre-settlement insurance payment Deductible
0%
No matching quizzes found
Score Distribution
Percent of People with Each Score
Percentile by Number Answered
Your Score History
You have not taken this quiz since the last reset